• 首页
  • 本馆介绍
  • 公告通知
  • 最新文献
  • 馆藏检索
  • 电子资源
  • 读者导购
  • 参考咨询
  • 我的图书馆
  • 登录
  • 详细信息显示
  • 放入我的书架
  • 预约/预借图书
  • 作者相关作品
  • 分类相关作品
  • 丛书相关作品
  • 出版社相关作品

书目信息

  • 表格格式
  • 工作单格式
  • 卡片格式
题名:
青少年西方美术欣赏
    
 
作者: 崔莉 编著
分册:  
出版信息: 北京   中国轻工业出版社  2001
页数: 2册(10,448页)
开本: 26cm
丛书名:
单 册:
中图分类: J205.5
科图分类:
主题词: 美术--鉴赏--西方国家--青年读物 , 美术
电子资源:
ISBN: 7-5019-2878-9
000 00783nam0 2200229 450
001 1251832857
005 20121019142445.34
010    @a7-5019-2878-9@dCNY140.00
100    @a20010703d2001 am y0chiy0110 ea
101 0  @achi
102    @aCN@b110000
105    @aa z 000yd
200 1  @a青少年西方美术欣赏@Aqing shao nian xi fang mei shu xin shang@f崔莉编著
210    @a北京@c中国轻工业出版社@d2001
215    @a2册(10,448页)@c图@d26cm
330    @a本书上册包括史前美术,古埃及美术,两河流域美术,古罗马美术,中世纪美术,文艺复兴时期美术;下册包括17世纪、18世纪美术,19世纪、20世纪初期美术。
606 0  @a美术@x鉴赏@y西方国家@j青年读物
606 0  @a美术
690    @aJ205.5@v4
701  0 @a崔莉@Acui li@4编著
801  0 @aCN@bNLC@c20101222
905    @a10447@dJ205.5@eJY291:1
    
    青少年西方美术欣赏/崔莉编著.-北京:中国轻工业出版社,2001
    2册(10,448页):图;26cm
    
    
    ISBN 7-5019-2878-9:CNY140.00
    本书上册包括史前美术,古埃及美术,两河流域美术,古罗马美术,中世纪美术,文艺复兴时期美术;下册包括17世纪、18世纪美术,19世纪、20世纪初期美术。
●
相关链接 在E读中查询图书 在五车中查询图书 在当当中查询图书 在豆瓣中查询图书


正题名:青少年西方美术欣赏     索取号:J205.5/JY291:1         预约/预借

序号 登录号 条形码 馆藏地/架位号 状态 备注
1 7833197   278331976   学院路分馆/ [索取号:J205.5/JY291:1] 在馆    
2 7833198   278331985   学院路分馆/ [索取号:J205.5/JY291:1] 在馆    
3 7833199   278331994   学院路分馆/ [索取号:J205.5/JY291:1] 在馆    
4 7833200   278332001   学院路分馆/ [索取号:J205.5/JY291:1] 在馆    
唐山师范学院图书馆 欢迎您!
大连网信软件有限公司© 版权所有